| 000 | 00985cam a2200265 i 4500 | ||
|---|---|---|---|
| 003 | SA-RiAUC | ||
| 005 | 20241209140616.0 | ||
| 008 | 241205s2006 le g 00000 ara c | ||
| 020 | _a995334616X | ||
| 040 |
_aSA-JeALM _bara _cSA-RiAUC. _dKAC _erda |
||
| 082 | 0 | 4 |
_a252.5 _qSA-RiAUC |
| 090 |
_a252.5 _b ش ع ر |
||
| 100 | 1 |
_aالشعراوي، محمد متولي، _d1911-1998 _eمؤلف. |
|
| 245 | 1 | 2 |
_aالحج الأكبر : _bحكم، أسرار، عبادات / _cمحمد متولي الشعراوي. |
| 250 | _aالطبعة الأولى. | ||
| 264 | 1 |
_aالقاهرة : _bمكتبة الميراث الأسلامي، _c2004 |
|
| 300 |
_a198 صفحة؛ _c24 سم. |
||
| 336 |
_aنص _btxt _2rdacontent _3كتاب |
||
| 337 |
_aبدون وسيط _bn _2rdamedia |
||
| 338 |
_aمجلد _bnc _2rdacarrier |
||
| 650 | 7 |
_aالحج (فقه إسلامي) _2aucsh |
|
| 942 |
_2ddc _cBOOK _n0 |
||
| 949 |
_aSA-JeALM _d241205 _umohamedma123 _n1 |
||
| 999 |
_c3185 _d3185 |
||